000 00461nam a2200169Ia 4500
008 090711s9999 xx 000 0 und d
082 _b42830
100 _aगोगटे शकुंतला
245 _aसार्थक
260 _c1981
300 _a151
600 _aगोगटे शकुंतला
630 _aसार्थक
700 _aगोगटे शकुंतला
730 _aसार्थक
942 _cBOOK
999 _c295283
_d295283